000
00340pam a2200157a 44500
008
230515b2001 xxu||||| |||| 00| 0 eng d
020
_a
NULL
041
_a
ENGLISH
082
_a
630
100
_a
GAVHANE K A
245
_a
INTRODUCTION TO STOICHIOMETRY
250
_a
0
260
_a
PUNE
_b
N/A
_c
2001
300
_a
371
650
_a
NULL
999
_c
651240
_d
651240